15 ciudades más grandes de Alemania en un mapa - Estadísticas

Estadísticas generales
  • Esta prueba ha sido intentada 79 veces
    74 desde el último reinicio
  • La puntuación promedio es 11 de 15
Respuestas en el mapa
Las respuestas están codificadas por una escala verde-roja en el mapa de la prueba según el % correcto abajo.
 
Estadísticas de respuestas
Estado Ciudad Población % Correcto
- Berlín 3,7 million
100%
Baviera Munich 1,5 million
100%
- Hamburgo 1,8 million
92%
Renania del Norte-Westfalia Colonia 1 million
83%
Hesse Fráncfort 750 mil
81%
Baden-Württemberg Stuttgart 610 mil
76%
Renania del Norte-Westfalia Dortmund 600 mil
75%
Sajonia Leipzig 610 mil
75%
- Bremen 590 mil
71%
Renania del Norte-Westfalia Düsseldorf 620 mil
68%
Sajonia Dresde 560 mil
64%
Baja Sajonia Hannover 520 mil
58%
Baviera Núremberg 530 mil
58%
Renania del Norte-Westfalia Essen 570 mil
49%
Renania del Norte-Westfalia Duisburgo 500 mil
25%
No se encontraron pruebas coincidentes
Distribución de puntuación
Porcentaje de gente con cada puntuación
Porcentaje por número respondido
Historial de tus puntuaciones
No has intentado esta prueba desde el último reinicio